[Event "Carnaval"]
[Site "Quebec CAN"]
[Date "2008.02.23"]
[Round "2"]
[White "Lavoie, Eric"]
[Black "Gaspariants, Vladimir"]
[Result "0-1"]
[WhiteElo "1856"]
[BlackElo "2253"]
[PlyCount "72"]
[GameId "2160767910413377"]
[EventDate "2008.02.24"]
[EventType "swiss"]
[EventRounds "5"]
[EventCountry "CAN"]

1. e4 e5 2. Nf3 Nc6 3. d4 exd4 4. Nxd4 g6 5. Nxc6 bxc6 6. Be3 Bg7 7. Bd4 Nf6 8. Bd3 O-O 9. O-O d6 10. Nd2 c5 11. Bxf6 Bxf6 12. c3 Rb8 13. Qc2 c6 14. Rab1 Be6 15. b4 cxb4 16. cxb4 Rc8 17. Rfc1 c5 18. b5 Bg5 19. Rd1 Bg4 20. f3 Be3+ 21. Kh1 Be6 22. Bc4 Bd4 23. Qb3 Qf6 24. a4 g5 25. Bxe6 fxe6 26. Nc4 Rfd8 27. a5 d5 28. exd5 exd5 29. b6 dxc4 30. Qxc4+ Qf7 31. Qxf7+ Kxf7 32. bxa7 c4 33. g4 c3 34. Rb7+ Kg6 35. Rb8 c2 36. Rc1 Bxa7 0-1

[Event "Carnaval"]
[Site "Quebec CAN"]
[Date "2008.02.23"]
[Round "3"]
[White "Caron, Sebastien"]
[Black "Masse, Hugues"]
[Result "0-1"]
[WhiteElo "1936"]
[BlackElo "2230"]
[PlyCount "136"]
[GameId "2160767910413378"]
[EventDate "2008.02.24"]
[EventType "swiss"]
[EventRounds "5"]
[EventCountry "CAN"]

1. e4 e6 2. d4 d5 3. Nd2 Be7 4. c3 c5 5. dxc5 Bxc5 6. Nb3 Bb6 7. exd5 Nf6 8. Bd3 Qxd5 9. Nf3 O-O 10. O-O Rd8 11. Bc2 Qxd1 12. Rxd1 Rxd1+ 13. Bxd1 Nc6 14. Bg5 Ng4 15. Bh4 f6 16. h3 Nh6 17. Bg3 e5 18. Bc2 Be6 19. Rd1 Rd8 20. Rxd8+ Nxd8 21. Nfd2 Nf5 22. Bh2 Nd6 23. Bd3 Bf7 24. Kf1 Ne6 25. Nc4 Bc7 26. Nxd6 Bxd6 27. Bc4 b6 28. Nd2 Kf8 29. Bg3 Ke7 30. Ke1 Bg6 31. Bh4 Nc5 32. b3 Nd3+ 33. Bxd3 Bxd3 34. f3 Ke6 35. Bf2 Ba6 36. a4 Bb8 37. c4 f5 38. Ke2 Kd6 39. Kd3 Bb7 40. Kc3 Ke6 41. c5 bxc5 42. Bxc5 Kd5 43. Bg1 a6 44. Nc4 g6 45. Nb6+ Kc6 46. Nc4 Bc7 47. b4 Bc8 48. a5 Be6 49. Bc5 Bd5 50. Nb6 Be6 51. Nc4 h5 52. Nb6 Kb5 53. Be7 Bb8 54. h4 Bc7 55. Na8 Bb8 56. Nb6 e4 57. fxe4 Be5+ 58. Kd3 fxe4+ 59. Kxe4 Bc3 60. Nd5 Bxd5+ 61. Kxd5 Bxb4 62. Bxb4 Kxb4 63. Kc6 Kxa5 64. Kc5 Ka4 65. Kc4 a5 66. g3 Ka3 67. Kc3 a4 68. Kc2 Kb4 0-1

[Event "Carnaval"]
[Site "Quebec CAN"]
[Date "2008.02.23"]
[Round "3"]
[White "Gaspariants, Vladimir"]
[Black "Sauve, Richard"]
[Result "1-0"]
[WhiteElo "2253"]
[BlackElo "1986"]
[PlyCount "41"]
[GameId "2160767910413379"]
[EventDate "2008.02.24"]
[EventType "swiss"]
[EventRounds "5"]
[EventCountry "CAN"]

1. e4 e6 2. d3 d5 3. Nd2 Nf6 4. Ngf3 b6 5. g3 dxe4 6. dxe4 Bb7 7. Bb5+ Nfd7 8. c3 Be7 9. O-O O-O 10. Qe2 Qc8 11. Bd3 Nc6 12. e5 Rd8 13. Bc2 Nf8 14. b4 a5 15. b5 Na7 16. Ne4 c6 17. Bg5 Bxg5 18. Nfxg5 Nxb5 19. Qh5 Ng6 20. Nf6+ Kf8 21. Nfxh7+ 1-0

[Event "Carnaval"]
[Site "Quebec CAN"]
[Date "2008.02.24"]
[Round "4"]
[White "Giroux, Robert"]
[Black "Larochelle, Martial"]
[Result "1/2-1/2"]
[WhiteElo "1949"]
[BlackElo "2209"]
[PlyCount "137"]
[GameId "2160767910413380"]
[EventDate "2008.02.24"]
[EventType "swiss"]
[EventRounds "5"]
[EventCountry "CAN"]

1. e4 c5 2. Nc3 a6 3. f4 e6 4. Nf3 Nc6 5. g3 d5 6. d3 Be7 7. Bg2 dxe4 8. Nxe4 Nf6 9. O-O O-O 10. h3 Qc7 11. c3 Rd8 12. Qe2 b6 13. Nxf6+ Bxf6 14. Ne5 Bb7 15. Ng4 Be7 16. f5 exf5 17. Rxf5 Qxg3 18. Rf3 Qc7 19. Bf4 Bd6 20. Bxd6 Qxd6 21. Re3 Na5 22. Bxb7 Nxb7 23. Qg2 Na5 24. Rf1 Qc6 25. Ref3 Ra7 26. Nf6+ Kh8 27. Ne4 f6 28. Rg3 Rad7 29. a3 Qb7 30. b4 cxb4 31. axb4 Nc6 32. d4 Na7 33. Qf3 Re7 34. Rg4 Nb5 35. Rh4 h6 36. Qg4 Qd7 37. Qg6 Qe8 38. Rxf6 Qxg6+ 39. Rxg6 Nxd4 40. cxd4 Rxd4 41. Rxb6 Rexe4 42. Rxe4 Rxe4 43. Kg2 Rc4 44. Kg3 Rc3+ 45. Kg4 Ra3 46. b5 axb5 47. Rxb5 Kh7 48. Rb6 Ra4+ 49. Kg3 Ra1 50. Rc6 Rg1+ 51. Kh2 Rg6 52. Rc8 Rf6 53. Kg3 Kg6 54. Rc5 Rf5 55. Rc6+ Rf6 56. Rc5 Rf5 57. Rc6+ Kh5 58. h4 Ra5 59. Rc3 Ra4 60. Rc5+ Kg6 61. Rb5 Ra3+ 62. Kh2 Rf3 63. Ra5 Rf5 64. Ra6+ Kh5 65. Kg3 Rb5 66. Ra3 Kg6 67. Rf3 Rb4 68. Ra3 Kh5 69. Ra1 1/2-1/2

[Event "Carnaval"]
[Site "Quebec CAN"]
[Date "2008.02.24"]
[Round "4"]
[White "Masse, Hugues"]
[Black "Gaspariants, Vladimir"]
[Result "1/2-1/2"]
[WhiteElo "2230"]
[BlackElo "2256"]
[PlyCount "68"]
[GameId "2160767910413381"]
[EventDate "2008.02.24"]
[EventType "swiss"]
[EventRounds "5"]
[EventCountry "CAN"]

1. e4 g6 2. d4 Bg7 3. Nc3 c6 4. f4 d5 5. e5 h5 6. Nf3 Bg4 7. Be3 Nh6 8. h3 Nf5 9. Bf2 Bxf3 10. Qxf3 h4 11. Bd3 e6 12. Ne2 Bf8 13. O-O Nd7 14. b3 Ba3 15. Rab1 Bb4 16. c3 Ba5 17. c4 a6 18. Rfc1 Bb4 19. Rc2 Nb6 20. c5 Nc8 21. a3 Ba5 22. b4 Bc7 23. a4 Nce7 24. b5 axb5 25. axb5 Ra3 26. Rc3 Rxc3 27. Nxc3 Qa8 28. Qd1 Rg8 29. Ra1 Qb8 30. bxc6 bxc6 31. Rb1 Qa8 32. Ra1 Qb8 33. Rb1 Qa8 34. Ra1 Qb8 1/2-1/2

[Event "Carnaval"]
[Site "Quebec CAN"]
[Date "2008.02.24"]
[Round "5"]
[White "Auger, Bertrand"]
[Black "Masse, Hugues"]
[Result "0-1"]
[WhiteElo "2001"]
[BlackElo "2230"]
[PlyCount "60"]
[GameId "2160767910413382"]
[EventDate "2008.02.24"]
[EventType "swiss"]
[EventRounds "5"]
[EventCountry "CAN"]

1. Nf3 Nf6 2. g3 g6 3. b4 Bg7 4. Bb2 O-O 5. Bg2 d6 6. c4 e5 7. d3 Nh5 8. Qb3 Be6 9. O-O f5 10. Nbd2 Nd7 11. Rfe1 Kh8 12. e4 f4 13. d4 exd4 14. Nxd4 Bg8 15. Bh3 Ne5 16. g4 Nf6 17. f3 h5 18. gxh5 Nxh5 19. Ne6 Bxe6 20. Bxe6 Qf6 21. Bg4 Qh4 22. Bxh5 gxh5 23. Re2 Bf6 24. Kh1 Rg8 25. Rf1 Rg7 26. Bxe5 Bxe5 27. c5 Rag8 28. Qd1 Qh3 29. Rff2 Bd4 30. Qf1 Qxf1+ 0-1

[Event "Carnaval"]
[Site "Quebec CAN"]
[Date "2008.02.24"]
[Round "5"]
[White "Gaspariants, Vladimir"]
[Black "Caire, Francois"]
[Result "1-0"]
[WhiteElo "2253"]
[BlackElo "2177"]
[PlyCount "85"]
[GameId "2160767910413383"]
[EventDate "2008.02.24"]
[EventType "swiss"]
[EventRounds "5"]
[EventCountry "CAN"]

1. e4 c6 2. d4 d5 3. exd5 cxd5 4. Bd3 Nc6 5. c3 Nf6 6. Bf4 g6 7. h3 Bg7 8. Nf3 O-O 9. O-O Bf5 10. Bxf5 gxf5 11. Qd3 e6 12. Nbd2 Ne4 13. Ne1 Kh8 14. f3 Nxd2 15. Qxd2 Rg8 16. Nd3 Qh4 17. Qf2 Qh5 18. Kh2 Bh6 19. Bxh6 Qxh6 20. Rae1 Rg5 21. f4 Rg6 22. g3 Ne7 23. Ne5 Rg7 24. Rg1 Nc8 25. g4 fxg4 26. Rxg4 Nd6 27. Rxg7 Qxg7 28. Rg1 Qh6 29. Ng4 Qh5 30. Nf6 Qh6 31. Ng4 Qh5 32. Qe3 Ne4 33. f5 Qxf5 34. Nh6 Qf6 35. Ng4 Qf5 36. Nh6 Qf6 37. Ng4 Qe7 38. Nh6 f6 39. h4 Rf8 40. Qf3 b5 41. Qg2 Qc7+ 42. Kh1 f5 43. Qf3 1-0

[Event "Charlesbourg"]
[Site "Charlesbourg CAN"]
[Date "2008.03.03"]
[Round "4"]
[White "Arteau, Benoit"]
[Black "Beauchesne, Jonathan"]
[Result "1-0"]
[WhiteElo "1869"]
[BlackElo "1619"]
[PlyCount "63"]
[GameId "2160767910413542"]
[EventDate "2008.02.11"]
[EventType "swiss"]
[EventRounds "5"]
[EventCountry "CAN"]

1. d4 Nf6 2. c4 g6 3. Nc3 Bg7 4. e4 d6 5. Be2 O-O 6. Be3 e5 7. dxe5 dxe5 8. Nf3 c6 9. Qc2 Qc7 10. Rd1 h6 11. O-O Be6 12. Bc5 Re8 13. Bd6 Qc8 14. Bxe5 Nbd7 15. Bd6 Ng4 16. b3 Nge5 17. Nd4 f6 18. h3 Kh7 19. f4 Nf7 20. Ba3 Nd8 21. Qd3 Nf8 22. f5 gxf5 23. exf5 Bg8 24. Bh5 Bf7 25. Bg4 Kh8 26. Ne4 Re5 27. Bd6 Re8 28. Qf3 Nd7 29. Ng3 Ne5 30. Qf4 Nxg4 31. Qxg4 c5 32. Nb5 1-0

[Event "Charlesbourg"]
[Site "Charlesbourg CAN"]
[Date "2008.03.03"]
[Round "4"]
[White "Cote, Jocelyn"]
[Black "Dube, Daniel"]
[Result "0-1"]
[WhiteElo "1790"]
[BlackElo "1536"]
[PlyCount "26"]
[GameId "2160767910413543"]
[EventDate "2008.02.11"]
[EventType "swiss"]
[EventRounds "5"]
[EventCountry "CAN"]

1. e4 Nf6 2. Nc3 d5 3. e5 Nfd7 4. d4 c5 5. f4 e6 6. Nf3 Nc6 7. Ne2 Be7 8. c3 O-O 9. g4 cxd4 10. cxd4 f6 11. Bg2 fxe5 12. fxe5 Qb6 13. Qd3 Ndxe5 0-1

[Event "Charlesbourg"]
[Site "Charlesbourg CAN"]
[Date "2008.03.03"]
[Round "4"]
[White "Laflamme, Simon"]
[Black "Bernatchez, Dan"]
[Result "1/2-1/2"]
[WhiteElo "1997"]
[BlackElo "1988"]
[PlyCount "56"]
[GameId "2160767910413544"]
[EventDate "2008.02.11"]
[EventType "swiss"]
[EventRounds "5"]
[EventCountry "CAN"]

1. e4 c5 2. Nf3 Nc6 3. Nc3 e5 4. Bc4 Be7 5. O-O d6 6. d3 Nf6 7. Ng5 O-O 8. f4 exf4 9. Bxf4 Na5 10. Qd2 Nxc4 11. dxc4 h6 12. Nf3 Re8 13. Rae1 Be6 14. Nd5 Nxd5 15. exd5 Bg4 16. Bxh6 Bf6 17. Rxe8+ Qxe8 18. Bf4 Bxf3 19. Rxf3 Bxb2 20. c3 Ba3 21. Qc2 b5 22. cxb5 c4 23. Kf1 Qxb5 24. Rh3 Qxd5 25. Qh7+ Kf8 26. Re3 f6 27. Qh8+ Kf7 28. Qh3 Qd1+ 1/2-1/2

[Event "Charlesbourg"]
[Site "Charlesbourg CAN"]
[Date "2008.03.03"]
[Round "4"]
[White "Plante, Rejean"]
[Black "Fecteau, Martin"]
[Result "0-1"]
[WhiteElo "2030"]
[BlackElo "1959"]
[PlyCount "68"]
[GameId "2160767910413545"]
[EventDate "2008.02.11"]
[EventType "swiss"]
[EventRounds "5"]
[EventCountry "CAN"]

1. d4 d5 2. Nf3 Nf6 3. Bf4 e6 4. e3 Bd6 5. Bd3 O-O 6. Nbd2 c5 7. Bg3 Nc6 8. c3 cxd4 9. exd4 Qc7 10. Qe2 a6 11. Ne5 b5 12. f4 b4 13. O-O bxc3 14. bxc3 Ne7 15. Rac1 Nf5 16. Bf2 Ba3 17. Rc2 Bb7 18. g4 Nd6 19. Bh4 Nfe4 20. Nb1 Qa5 21. Nxa3 Qxa3 22. c4 dxc4 23. Nxc4 Nxc4 24. Rxc4 f5 25. Rc7 Rf7 26. Rxf7 Kxf7 27. gxf5 exf5 28. Bc4+ Kf8 29. Bb3 Qb4 30. Qh5 Qxd4+ 31. Bf2 Qf6 32. Qxh7 Nxf2 33. Kxf2 Qb2+ 34. Kg3 Qg2+ 0-1

[Event "Charlesbourg"]
[Site "Charlesbourg CAN"]
[Date "2008.03.03"]
[Round "4"]
[White "Poliquin, Yvon"]
[Black "Bluteau, Yvon"]
[Result "1-0"]
[WhiteElo "1890"]
[BlackElo "1782"]
[PlyCount "73"]
[GameId "2160767910413546"]
[EventDate "2008.02.11"]
[EventType "swiss"]
[EventRounds "5"]
[EventCountry "CAN"]

1. e4 c5 2. Nf3 Nf6 3. e5 Nd5 4. d4 cxd4 5. Qxd4 e6 6. Bc4 Nc6 7. Qe4 f5 8. Qe2 Nb6 9. Bb3 Be7 10. O-O Na5 11. Nc3 Nxb3 12. axb3 O-O 13. Nb5 a6 14. Nd6 Nd5 15. c4 Nc7 16. Be3 Ne8 17. Nxe8 Qxe8 18. Rfd1 f4 19. Bb6 g5 20. Nd4 Qg6 21. Qf3 h5 22. Nb5 Bd8 23. Bxd8 Rxd8 24. Rd6 axb5 25. Rxa8 g4 26. Qe2 Rf8 27. cxb5 Qb1+ 28. Rd1 Qg6 29. Rc1 g3 30. hxg3 fxg3 31. Qe3 Kf7 32. Raxc8 Rxc8 33. Rxc8 Qb1+ 34. Qc1 Qf5 35. Rc4 Qd3 36. Qf4+ Kg7 37. Rd4 1-0

[Event "Charlesbourg ch"]
[Site "Charlesbourg CAN"]
[Date "2008.03.24"]
[Round "1"]
[White "Bernatchez, Dan"]
[Black "Lapointe, Daniel"]
[Result "1/2-1/2"]
[WhiteElo "1980"]
[BlackElo "1595"]
[PlyCount "88"]
[GameId "2160767910351377"]
[EventDate "2008.03.24"]
[EventType "swiss"]
[EventRounds "4"]
[EventCountry "CAN"]

1. e4 d6 2. d4 g6 3. Nc3 Bg7 4. f4 c5 5. dxc5 Qa5 6. cxd6 Bxc3+ 7. bxc3 Qxc3+ 8. Bd2 Qc6 9. Bd3 Qxd6 10. Nf3 Nh6 11. h3 Nc6 12. O-O O-O 13. Kh1 f6 14. e5 Qd5 15. Qe2 Be6 16. exf6 exf6 17. Rab1 Rae8 18. Qf2 Re7 19. Rb2 a6 20. Rfb1 b5 21. g4 Nxg4 22. hxg4 Bxg4 23. Kg2 Nd4 24. Kg3 Bxf3 25. Bc3 Ne2+ 26. Bxe2 Bxe2 27. Bb4 Re4 28. Bxf8 Kxf8 29. Re1 Qh5 30. c3 Bg4 31. Kg2 Qh3+ 32. Kg1 Rxe1+ 33. Qxe1 Bf3 34. Qd2 Qh1+ 35. Kf2 Qg2+ 36. Ke3 Qxd2+ 37. Rxd2 Bg4 38. Rd6 Ke7 39. Rxa6 Be6 40. Rb6 Bd7 41. Kf3 h5 42. Kg3 g5 43. fxg5 fxg5 44. c4 bxc4 1/2-1/2

[Event "Charlesbourg ch"]
[Site "Charlesbourg CAN"]
[Date "2008.03.24"]
[Round "1"]
[White "Laflamme, Simon"]
[Black "Plante, Rejean"]
[Result "1-0"]
[WhiteElo "1992"]
[BlackElo "1999"]
[PlyCount "65"]
[GameId "2160767910351378"]
[EventDate "2008.03.24"]
[EventType "swiss"]
[EventRounds "4"]
[EventCountry "CAN"]

1. e4 e6 2. d4 d5 3. Nc3 Bb4 4. e5 b6 5. Bb5+ c6 6. Ba4 Qd7 7. Nge2 b5 8. Bb3 c5 9. a3 Ba5 10. O-O Ba6 11. a4 b4 12. Nb5 c4 13. Nd6+ Kf8 14. Ba2 Bc7 15. c3 Bxd6 16. exd6 b3 17. Bb1 Qxd6 18. Bf4 Qd7 19. Ng3 Nc6 20. Qf3 Nge7 21. Nh5 Ng6 22. Qg3 f5 23. Re1 Nxf4 24. Nxf4 Re8 25. Qh3 Qf7 26. Re3 h5 27. Qh4 Rh6 28. Qg5 Nd8 29. Rh3 Bc8 30. Rxh5 Qf6 31. Qxf6+ Rxf6 32. g4 Kg8 33. g5 1-0

[Event "Charlesbourg ch"]
[Site "Charlesbourg CAN"]
[Date "2008.04.14"]
[Round "4"]
[White "Laflamme, Simon"]
[Black "Bernatchez, Dan"]
[Result "1-0"]
[WhiteElo "1992"]
[BlackElo "1980"]
[PlyCount "47"]
[GameId "2160767910351379"]
[EventDate "2008.03.24"]
[EventType "swiss"]
[EventRounds "4"]
[EventCountry "CAN"]

1. e4 c5 2. Nf3 Nc6 3. d4 cxd4 4. Nxd4 Nf6 5. Nc3 e6 6. Ndb5 d6 7. Bf4 e5 8. Bg5 a6 9. Na3 b5 10. Bxf6 gxf6 11. Nd5 f5 12. Bxb5 axb5 13. Nxb5 Ra4 14. Nbc7+ Kd7 15. O-O Qg5 16. c4 Rg8 17. g3 Rxc4 18. b4 Bb7 19. Qa4 Kc8 20. Na8 Kb8 21. Nab6 Rxe4 22. Rac1 Qd8 23. Rxc6 Bxc6 24. Qxc6 1-0

[Event "Charlottetown op"]
[Site "Charlottetown CAN"]
[Date "2008.05.04"]
[Round "5"]
[White "Cashin, Ken"]
[Black "Howarth, Anthony"]
[Result "1-0"]
[WhiteElo "1755"]
[BlackElo "2247"]
[PlyCount "87"]
[GameId "2160767910350996"]
[EventDate "2008.05.03"]
[EventType "swiss"]
[EventRounds "5"]
[EventCountry "CAN"]

1. e4 g6 2. Nc3 Bg7 3. f4 d6 4. Nf3 Nf6 5. Bc4 Nxe4 6. Bxf7+ Kxf7 7. Nxe4 Rf8 8. c3 Kg8 9. d4 Kh8 10. O-O e6 11. Qd3 Nc6 12. Neg5 Qf6 13. Nxh7 Kxh7 14. Ng5+ Kg8 15. Qh3 Qxg5 16. fxg5 Rxf1+ 17. Kxf1 e5 18. Qd3 exd4 19. Qxg6 Bg4 20. Bf4 Rf8 21. g3 dxc3 22. bxc3 Bf5 23. Qh5 Ne5 24. Qd1 Be6 25. Kg2 Nc4 26. Qd3 Nb6 27. Re1 Bc4 28. Qg6 Bf7 29. Qd3 Bc4 30. Qc2 Nd5 31. Qe4 b5 32. Qe6+ Rf7 33. Qc8+ Bf8 34. Re8 Kg7 35. Kf3 Ne7 36. Qh3 Kg6 37. g4 Rh7 38. Qg3 Kf7 39. Rb8 Nd5 40. g6+ Kxg6 41. Rxf8 Nxc3 42. Rf5 Re7 43. Qh4 Bd5+ 44. Rxd5 1-0

[Event "Defi Nez rouge A"]
[Site "Gatineau CAN"]
[Date "2008.11.25"]
[Round "1"]
[White "Brousseau, Yvan"]
[Black "Danilov, Alex"]
[Result "1-0"]
[WhiteElo "1964"]
[BlackElo "1906"]
[PlyCount "119"]
[GameId "2160767910286038"]
[EventDate "2008.11.25"]
[EventType "tourn"]
[EventRounds "5"]
[EventCountry "CAN"]
[SourceTitle "EXT 2022"]
[Source "ChessBase"]
[SourceDate "2021.10.06"]
[SourceVersion "1"]
[SourceVersionDate "2021.10.06"]
[SourceQuality "1"]

1. f4 Nf6 2. Nf3 d5 3. e3 Bg4 4. h3 Bxf3 5. Qxf3 Nc6 6. Bb5 e6 7. b3 Be7 8. Nc3 O-O 9. Bb2 a6 10. Bxc6 bxc6 11. O-O-O c5 12. d3 d4 13. Na4 Nd5 14. e4 Nxf4 15. Nxc5 e5 16. Nb7 Qd7 17. Na5 Ng6 18. g3 f5 19. exf5 Qxf5 20. Qd5+ Qf7 21. Qc6 Qf2 22. Qd5+ Kh8 23. Rhg1 Rad8 24. Qe4 Rf3 25. Nc6 Bg5+ 26. Kb1 Re8 27. Bxd4 Be3 28. Bxe3 Rxe3 29. Rg2 Qf3 30. Qxf3 Rxf3 31. Re1 Kg8 32. Nd4 Rf6 33. Re3 Ref8 34. Ne2 Rf1+ 35. Kb2 Re1 36. Rg1 Rxg1 37. Nxg1 Rf1 38. Nf3 Kf7 39. Nxe5+ Nxe5 40. Rxe5 Rf3 41. Rg5 h6 42. Rg4 g5 43. h4 Kg6 44. hxg5 hxg5 45. Ra4 Rxg3 46. Rxa6+ Kf5 47. Rc6 Rh3 48. Rxc7 Rh6 49. Rc5+ Kf4 50. Rc4+ Kf3 51. d4 g4 52. d5 Rd6 53. Rd4 g3 54. c4 g2 55. Rd1 Kf2 56. Kc3 g1=Q 57. Rxg1 Kxg1 58. Kd4 Kf2 59. c5 Rh6 60. c6 1-0

[Event "Defi Nez rouge A"]
[Site "Gatineau CAN"]
[Date "2008.11.25"]
[Round "1"]
[White "Cossette, Daniel"]
[Black "Arsenault, Michel"]
[Result "1-0"]
[WhiteElo "2116"]
[BlackElo "1988"]
[PlyCount "95"]
[GameId "2160767910286039"]
[EventDate "2008.11.25"]
[EventType "tourn"]
[EventRounds "5"]
[EventCountry "CAN"]
[SourceTitle "EXT 2022"]
[Source "ChessBase"]
[SourceDate "2021.10.06"]
[SourceVersion "1"]
[SourceVersionDate "2021.10.06"]
[SourceQuality "1"]

1. e4 c5 2. d4 cxd4 3. c3 dxc3 4. Nxc3 Nc6 5. Nf3 e6 6. Bf4 d6 7. Bc4 a6 8. O-O Be7 9. Qe2 Bd7 10. Rfd1 e5 11. Be3 Nf6 12. Bg5 Bg4 13. Be3 O-O 14. h3 Bh5 15. Rac1 Rc8 16. Nd5 b5 17. Bb3 Kh8 18. a4 Nxd5 19. Bxd5 Nb4 20. Rxc8 Qxc8 21. g4 Bxg4 22. hxg4 Qxg4+ 23. Kf1 Nxd5 24. exd5 Qxa4 25. Rc1 Qe4 26. Qd1 Qg4 27. Ne1 Qh3+ 28. Kg1 f5 29. Qf3 Qh4 30. Rc7 f4 31. Bd2 Bf6 32. Bb4 Bd8 33. Rc6 Qg5+ 34. Kf1 Qf5 35. Bxd6 e4 36. Qb3 Re8 37. Rxa6 e3 38. Qxb5 Qh5 39. Bxf4 exf2 40. Ng2 Qh1+ 41. Kxf2 Bh4+ 42. Nxh4 Qe1+ 43. Kf3 Qh1+ 44. Kg4 Qd1+ 45. Nf3 h5+ 46. Kg5 Rf8 47. Qc5 Rf7 48. Ne5 1-0

[Event "Defi Nez rouge A"]
[Site "Gatineau CAN"]
[Date "2008.11.25"]
[Round "1"]
[White "Laurin, Jacques"]
[Black "Szalay, Karoly"]
[Result "0-1"]
[WhiteElo "1882"]
[BlackElo "2202"]
[PlyCount "74"]
[GameId "2160767910286040"]
[EventDate "2008.11.25"]
[EventType "tourn"]
[EventRounds "5"]
[EventCountry "CAN"]
[SourceTitle "EXT 2022"]
[Source "ChessBase"]
[SourceDate "2021.10.06"]
[SourceVersion "1"]
[SourceVersionDate "2021.10.06"]
[SourceQuality "1"]

1. c4 c5 2. Nc3 Nc6 3. g3 g6 4. Bg2 Bg7 5. e3 e5 6. Nge2 Nge7 7. O-O d6 8. a3 Be6 9. Nd5 Rb8 10. Nec3 a6 11. b4 O-O 12. Rb1 cxb4 13. axb4 b5 14. Nxe7+ Nxe7 15. cxb5 axb5 16. Qe2 Qb6 17. Bb2 f5 18. Rfc1 Rfc8 19. Bf1 Bc4 20. d3 Bf7 21. Bg2 Rc7 22. Ra1 Rbc8 23. Ra8 Rxa8 24. Bxa8 d5 25. d4 Ra7 26. Bxd5 Nxd5 27. Qxb5 Qxb5 28. Nxb5 Ra8 29. dxe5 Nxb4 30. Rc7 Nd3 31. e6 Bxb2 32. exf7+ Kf8 33. f4 Rd8 34. Na7 Nb4 35. Rb7 Bc3 36. Nb5 Bd2 37. Kf2 Nd5 0-1

[Event "Defi Nez rouge A"]
[Site "Gatineau CAN"]
[Date "2008.12.02"]
[Round "2"]
[White "Brousseau, Yvan"]
[Black "Laurin, Jacques"]
[Result "1-0"]
[WhiteElo "1964"]
[BlackElo "1882"]
[PlyCount "31"]
[GameId "2160767910286041"]
[EventDate "2008.11.25"]
[EventType "tourn"]
[EventRounds "5"]
[EventCountry "CAN"]
[SourceTitle "EXT 2022"]
[Source "ChessBase"]
[SourceDate "2021.10.06"]
[SourceVersion "1"]
[SourceVersionDate "2021.10.06"]
[SourceQuality "1"]

1. d4 Nf6 2. c4 e6 3. Nc3 Bb4 4. Qc2 Nc6 5. Nf3 d5 6. e3 O-O 7. Bd3 Re8 8. O-O Bf8 9. a3 e5 10. cxd5 exd4 11. dxc6 dxc3 12. Qxc3 Ne4 13. Qc2 Bf5 14. Nd4 Qg5 15. Nxf5 Qxf5 16. f3 1-0

[Event "Defi Nez rouge A"]
[Site "Gatineau CAN"]
[Date "2008.12.02"]
[Round "2"]
[White "Danilov, Alex"]
[Black "Arsenault, Michel"]
[Result "0-1"]
[WhiteElo "1906"]
[BlackElo "1988"]
[PlyCount "54"]
[GameId "2160767910286042"]
[EventDate "2008.11.25"]
[EventType "tourn"]
[EventRounds "5"]
[EventCountry "CAN"]
[SourceTitle "EXT 2022"]
[Source "ChessBase"]
[SourceDate "2021.10.06"]
[SourceVersion "1"]
[SourceVersionDate "2021.10.06"]
[SourceQuality "1"]

1. e4 c5 2. Nc3 Nc6 3. f4 g6 4. Nf3 Bg7 5. Bc4 e6 6. O-O Nge7 7. d3 O-O 8. Qe1 d5 9. Bb3 b5 10. a3 c4 11. Ba2 a5 12. Kh1 b4 13. Ne2 bxa3 14. e5 axb2 15. Bxb2 cxd3 16. cxd3 Nb4 17. Bb1 Ba6 18. Qd2 Nec6 19. Ned4 Rc8 20. Bc3 Qb6 21. Rc1 Rc7 22. Bxb4 Nxb4 23. Rxc7 Qxc7 24. Nb3 Rc8 25. d4 Qc3 26. Qxc3 Rxc3 27. Nfd2 Bc4 0-1

[Event "Defi Nez rouge A"]
[Site "Gatineau CAN"]
[Date "2008.12.02"]
[Round "2"]
[White "Szalay, Karoly"]
[Black "Cossette, Daniel"]
[Result "1-0"]
[WhiteElo "2202"]
[BlackElo "2116"]
[PlyCount "129"]
[GameId "2160767910286043"]
[EventDate "2008.11.25"]
[EventType "tourn"]
[EventRounds "5"]
[EventCountry "CAN"]
[SourceTitle "EXT 2022"]
[Source "ChessBase"]
[SourceDate "2021.10.06"]
[SourceVersion "1"]
[SourceVersionDate "2021.10.06"]
[SourceQuality "1"]

1. e4 c5 2. Nf3 Nc6 3. d4 cxd4 4. Nxd4 g6 5. Nc3 Bg7 6. Be3 Nf6 7. Bc4 O-O 8. Bb3 a5 9. a4 Ng4 10. Qxg4 Nxd4 11. Bxd4 Bxd4 12. Qg3 d6 13. O-O-O Bxc3 14. Qxc3 Be6 15. Bxe6 fxe6 16. f3 Rc8 17. Qb3 Qd7 18. Rd4 Rc5 19. Rc4 Rfc8 20. Rxc5 Rxc5 21. Rd1 b5 22. axb5 Rxb5 23. Qc4 Rb4 24. Qa6 Qa4 25. Kb1 Rd4 26. Rc1 Rd2 27. Qc8+ Kf7 28. Qh8 Rxg2 29. Qxh7+ Ke8 30. Qh3 Rd2 31. Qxe6 Rxh2 32. Qxg6+ Kd7 33. Qf5+ Kc7 34. Qe6 Kd8 35. Qd5 Qb4 36. e5 Rd2 37. Qc6 Qc5 38. Qa8+ Kc7 39. exd6+ exd6 40. Qe4 Rd4 41. Qe7+ Kc6 42. Qe8+ Kb6 43. Re1 Rd2 44. Qb8+ Ka6 45. Qb3 Qb4 46. Qxb4 axb4 47. Rf1 Rd5 48. f4 Rf5 49. Kc1 Kb5 50. Kd2 Kc4 51. Ke3 d5 52. Rf2 Rf7 53. f5 d4+ 54. Kd2 Kd5 55. Kd3 Ke5 56. f6 Kd5 57. b3 Ke5 58. Kc4 Ke4 59. Re2+ Kf3 60. Re6 Kg4 61. Kxb4 Rc7 62. Re2 Kf3 63. Re7 Rc6 64. f7 Rf6 65. Kc4 1-0

[Event "Defi Nez rouge A"]
[Site "Gatineau CAN"]
[Date "2008.12.09"]
[Round "3"]
[White "Arsenault, Michel"]
[Black "Szalay, Karoly"]
[Result "0-1"]
[WhiteElo "1988"]
[BlackElo "2202"]
[PlyCount "55"]
[GameId "2160767910286044"]
[EventDate "2008.11.25"]
[EventType "tourn"]
[EventRounds "5"]
[EventCountry "CAN"]
[SourceTitle "EXT 2022"]
[Source "ChessBase"]
[SourceDate "2021.10.06"]
[SourceVersion "1"]
[SourceVersionDate "2021.10.06"]
[SourceQuality "1"]

1. c4 c5 2. g3 Nc6 3. Bg2 g6 4. e3 Bg7 5. Ne2 e5 6. Nbc3 Nge7 7. O-O d6 8. b3 Be6 9. Bb2 O-O 10. Ne4 h6 11. f4 f5 12. Nf2 Rb8 13. d3 a6 14. Qd2 d5 15. cxd5 Bxd5 16. e4 Be6 17. fxe5 Nxe5 18. Nf4 Bf7 19. Rae1 Qc7 20. Qe2 Rbe8 21. Bh3 Qc6 22. Bg2 Qd7 23. exf5 Nxf5 24. Ne4 b6 25. Bh3 Qc6 26. Bg2 Qc7 27. Rc1 Nd6 28. Qc2 0-1